Chapman Library

Business professional ethics for directors, executives and accountants (Record no. 173)

000 -LEADER
fixed length control field 00594nam a22001937a 4500
020 ## - INTERNATIONAL STANDARD BOOK NUMBER
ISBN 9780538478403
050 ## - LIBRARY OF CONGRESS CALL NUMBER
Classification number HF5387
100 ## - MAIN ENTRY--AUTHOR NAME
Personal name Brooks, Leonard J.
Personal name Dunn, Paul
245 ## - TITLE STATEMENT
Title Business professional ethics for directors, executives and accountants
250 ## - EDITION STATEMENT
Edition statement 6th edition
260 ## - PUBLICATION, DISTRIBUTION, ETC. (IMPRINT)
Place of publication Standford, CT, USA
Name of publisher South-Western/Cengage Learning
Year of publication 2012
300 ## - PHYSICAL DESCRIPTION
Number of Pages 716p.
Other physical details xxvii,:ill. includes index
650 ## - SUBJECT ADDED ENTRY--TOPICAL TERM
Topical Term Business ethics
Topical Term Accountants-professionals ethics
700 ## - ADDED ENTRY--PERSONAL NAME
Personal name Executives-Professional ethics
Personal name Accounts-moral and ethical
942 ## - ADDED ENTRY ELEMENTS (KOHA)
Koha item type Books
Holdings
Koha item type Collection code Shelving location Accession Number Permanent Location Current Location Date acquired Full call number
BooksReferenceReference3008Chapman LibraryChapman Library2016-01-21HF5387.B756J34bro
BooksReferenceReference3009Chapman LibraryChapman Library2016-01-21HF5387.B756J34bro


CSUC Chapman Library is a Koha Automated Library.


Contact us: library@csuc.edu.gh.